| 000 | 00000nam##2200000za#4500 |
| 001 | 9.626711 |
| 003 | CaOODSP |
| 005 | 20210615104701 |
| 007 | ta |
| 008 | 150406|2004||||xxc||||| f|0| 0 fre|d |
| 040 | |aCaOODSP|bfre |
| 043 | |an-cn--- |
| 086 | 1 |aNH18-22/104-111F |
| 110 | 2 |aSociété canadienne d'hypothèques et de logement. |
| 245 | 10|aCaractérisation des ensembles en copropriété de la grande région d'Ottawa pour la période de 1969 à 2002 |
| 260 | |bSociété canadienne d'hypothèques et de logement |c2004. |
| 300 | |a4p. : |bgraphiques, tableaux ; |c28 cm. |
| 490 | 1 |aLe point en recherche. Série technique |v04-111 |
| 520 | 3 |aCes rapports techniques résument un large éventail d’études, de rapports et d’ouvrages divers relatifs au logement. Ils se penchent sur des questions aussi diversifiées que l’aménagement paysager à peu d’entretien dans le Nord; les possibilités d’action pour obtenir des environnements intérieurs sains; et divers aspects de la performance des installations, comme la performance de l’enveloppe de tours d’habitation, la performance de divers matériaux de construction, et l’évaluation de la performance d’installations de chauffage urbain. |
| 563 | |aDépliant |
| 590 | |a04-41|b2004-10-08 |
| 775 | 08|tCharacterizing the condominium population of the greater Ottawa, 1969-2002 |w(CaOODSP)9.617085 |
| 776 | 0#|tCaractérisation des ensembles en copropriété de la grande région d'Ottawa pour la période de 1969 à 2002 |w(CaOODSP)9.608008 |
| 830 | #0|aLe point en recherche. Série technique ;|v04-111|w(CaOODSP)9.513179 |